<?xml version="1.0" encoding="UTF-8"?><?xml-stylesheet type="text/xsl" href="static/style.xsl"?><OAI-PMH xmlns="http://www.openarchives.org/OAI/2.0/" xmlns:xsi="http://www.w3.org/2001/XMLSchema-instance" xsi:schemaLocation="http://www.openarchives.org/OAI/2.0/ http://www.openarchives.org/OAI/2.0/OAI-PMH.xsd"><responseDate>2026-04-27T21:28:14Z</responseDate><request verb="GetRecord" identifier="oai:uvadoc.uva.es:10324/6733" metadataPrefix="marc">https://uvadoc.uva.es/oai/request</request><GetRecord><record><header><identifier>oai:uvadoc.uva.es:10324/6733</identifier><datestamp>2021-06-29T10:22:07Z</datestamp><setSpec>com_10324_38</setSpec><setSpec>col_10324_852</setSpec></header><metadata><record xmlns="http://www.loc.gov/MARC21/slim" xmlns:doc="http://www.lyncode.com/xoai" xmlns:xsi="http://www.w3.org/2001/XMLSchema-instance" xmlns:dcterms="http://purl.org/dc/terms/" xsi:schemaLocation="http://www.loc.gov/MARC21/slim http://www.loc.gov/standards/marcxml/schema/MARC21slim.xsd">
<leader>00925njm 22002777a 4500</leader>
<datafield tag="042" ind1=" " ind2=" ">
<subfield code="a">dc</subfield>
</datafield>
<datafield tag="720" ind1=" " ind2=" ">
<subfield code="a">Pozo Masa, Soraya del</subfield>
<subfield code="e">author</subfield>
</datafield>
<datafield tag="260" ind1=" " ind2=" ">
<subfield code="c">2014</subfield>
</datafield>
<datafield tag="520" ind1=" " ind2=" ">
<subfield code="a">Ya nadie se sorprende cuando hablamos del aprendizaje de una lengua extranjera en la escuela desde edades tempranas. Esto es debido a la actual importancia de saber comunicarse en varias lenguas. Por ello, el Consejo Europeo propuso un marco de referencia en el que se proporcionan unas guías con el fin de facilitar la tarea no solo a los profesores, sino también a los estudiantes de lenguas extranjeras. La ley española de educación, junto con las diferentes leyes de las Comunidades Autónomas, siguen las líneas ofrecidas por este marco de referencia.&#xd;
En este trabajo se muestra la importancia del aprendizaje de una segunda lengua, así como una de las herramientas más importantes para trabajar este aprendizaje en el aula del segundo ciclo de la educación infantil, el cuento.&#xd;
De acuerdo con esto, el presente trabajo detalla un proyecto diseñado basado en un cuento.</subfield>
</datafield>
<datafield tag="024" ind2=" " ind1="8">
<subfield code="a">http://uvadoc.uva.es/handle/10324/6733</subfield>
</datafield>
<datafield ind1=" " ind2=" " tag="653">
<subfield code="a">Lenguaje y lenguas-Estudio y enseñanza</subfield>
</datafield>
<datafield ind1=" " ind2=" " tag="653">
<subfield code="a">Lenguaje-Adquisición</subfield>
</datafield>
<datafield tag="245" ind1="0" ind2="0">
<subfield code="a">Using stories in Infant Education in a CLIL school: A proposal</subfield>
</datafield>
</record></metadata></record></GetRecord></OAI-PMH>